Dokument Príloha Hospodárskych novín

Zmluva medzi vládou Slovenskej republiky a vládou Ruskej federácie o zamedzení dvojitého zdanenia v odbore daní z príjmov a z majetku. Výklad jednotlivých ustanovení zmluvy. Delenie daňových výnosov medzi obidva zmluvné štáty. Vymedzenie obsahu dôležitých termínov. Postup pri deľbe zdaňovania podľa...

Celý popis

Uložené v:
Podrobná bibliografia
Médium: Kapitola
Jazyk:Slovak
Predmet:
Tagy: Pridať tag
Žiadne tagy, Buďte prvý, kto otaguje tento záznam!

MARC

LEADER 00000naa a2200000 4500
001 r018213
005 20221213095651.5
041 0 |a slo 
044 |a SK 
245 1 0 |a Dokument  |b Príloha Hospodárskych novín 
520 |a Zmluva medzi vládou Slovenskej republiky a vládou Ruskej federácie o zamedzení dvojitého zdanenia v odbore daní z príjmov a z majetku. Výklad jednotlivých ustanovení zmluvy. Delenie daňových výnosov medzi obidva zmluvné štáty. Vymedzenie obsahu dôležitých termínov. Postup pri deľbe zdaňovania podľa jednotlivých oblastí. Vznik práva na zdanenie v druhom zmluvnom štáte. 
610 2 0 |a Slovensko 
610 2 0 |a Rusko 
610 2 0 |a 1995 
610 2 0 |a dokumenty vládne 
610 2 0 |a zmluvy 
610 2 0 |a zdanenie dvojité 
610 2 0 |a dane z príjmov 
610 2 0 |a dane majetkové 
610 2 0 |a príjmy